[Event "Ruhrgebiet Verbandsklasse Gruppe 1 1617"]
[Site "Germany"]
[Date "2017.02.19"]
[Round "7.6"]
[White "Hoffmann, Peter"]
[Black "Vengels, Joachim"]
[Result "0-1"]
[WhiteElo "1665"]
[BlackElo "1949"]
[PlyCount "146"]
[EventDate "2016.09.04"]
[EventType "team-tourn"]
[EventRounds "9"]
[EventCountry "GER"]
[SourceTitle "EXT 2022"]
[Source "ChessBase"]
[SourceDate "2021.10.06"]
[SourceVersion "1"]
[SourceVersionDate "2021.10.06"]
[SourceQuality "1"]
[WhiteTeam "Huckarde Westerfilde"]
[BlackTeam "Hervest Dorsten"]
[WhiteTeamCountry "GER"]
[BlackTeamCountry "GER"]

1. e4 c6 2. d4 d5 3. e5 Bf5 4. Bd3 Bxd3 5. Qxd3 e6 6. f4 g6 7. Nf3 h5 8. Nbd2 Nh6 9. Nf1 Qb6 10. a3 c5 11. c3 Nc6 12. Ne3 Rc8 13. 0-0 Be7 14. b4 cxd4 15. cxd4 a6 16. Bd2 Rc7 17. Rfc1 0-0 18. Rc2 Rfc8 19. Rac1 Na7 20. Rxc7 Rxc7 21. Rxc7 Qxc7 22. Qc3 Qb6 23. h3 Kg7 24. Bc1 Nb5 25. Qb2 Bf8 26. Kf2 Ng8 27. g3 Ne7 28. g4 hxg4 29. hxg4 Nc6 30. Nc2 Nba7 31. Ke3 a5 32. bxa5 Qxb2 33. Bxb2 Nxa5 34. Nd2 f6 35. Kd3 Kf7 36. Nb4 Bh6 37. Ke3 Bf8 38. Kd3 Nc8 39. Bc1 Nb6 40. Nc2 Nbc4 41. Nxc4 Nxc4 42. Kc3 g5 43. a4 gxf4 44. Bxf4 fxe5 45. dxe5 Nb6 46. Kb3 Nd7 47. Kc3 Nc5 48. a5 Ne4+ 49. Kb3 Nf2 50. g5 Nh3 51. Be3 Be7 52. Ka4 Nxg5 53. Kb5 Nf3 54. Kb6 Bd8+ 55. Kxb7 Bxa5 56. Kc6 Nxe5+ 57. Kb5 Bc3 58. Bd4 Bxd4 59. Nxd4 Kf6 60. Kc5 Nf7 61. Nc6 Nh6 62. Kd4 Nf5+ 63. Kd3 e5 64. Nb4 Ke6 65. Nc2 e4+ 66. Kc3 Ke5 67. Nb4 d4+ 68. Kd2 Ne7 69. Ke2 Ng6 70. Ke1 Nf4 71. Kf2 Kd6 72. Na6 Nd3+ 73. Ke2 Kc6 0-1

[Event "Ruhrgebiet Verbandsklasse Gruppe 1 1617"]
[Site "Germany"]
[Date "2017.01.29"]
[Round "6.6"]
[White "Langaditis, Sevastianos"]
[Black "Hoffmann, Peter"]
[Result "1/2-1/2"]
[WhiteElo "1738"]
[BlackElo "1665"]
[PlyCount "48"]
[EventDate "2016.09.04"]
[EventType "team-tourn"]
[EventRounds "9"]
[EventCountry "GER"]
[SourceTitle "EXT 2022"]
[Source "ChessBase"]
[SourceDate "2021.10.06"]
[SourceVersion "1"]
[SourceVersionDate "2021.10.06"]
[SourceQuality "1"]
[WhiteTeam "Unna SV"]
[BlackTeam "Huckarde Westerfilde"]
[WhiteTeamCountry "GER"]
[BlackTeamCountry "GER"]

1. d4 d5 2. c3 Nf6 3. Nf3 e6 4. g3 c5 5. Bg2 Nc6 6. 0-0 Bd7 7. Bg5 cxd4 8. cxd4 Be7 9. Nc3 0-0 10. Ne5 h6 11. Bxf6 Bxf6 12. Nxc6 Bxc6 13. Qd2 Rc8 14. Rfc1 Qd7 15. e3 Rc7 16. a4 a6 17. Bf1 Be7 18. b3 Bb4 19. Qb2 Rfc8 20. Na2 Bd6 21. Qd2 Qe7 22. Rc2 f5 23. Nc1 Bb4 24. Qd1 Be8 1/2-1/2

[Event "Ruhrgebiet Verbandsklasse Gruppe 1 1617"]
[Site "Germany"]
[Date "2016.10.30"]
[Round "3.6"]
[White "Kraus, Kilian"]
[Black "Hoffmann, Peter"]
[Result "1/2-1/2"]
[WhiteElo "1753"]
[BlackElo "1665"]
[PlyCount "98"]
[EventDate "2016.09.04"]
[EventType "team-tourn"]
[EventRounds "9"]
[EventCountry "GER"]
[SourceTitle "EXT 2022"]
[Source "ChessBase"]
[SourceDate "2021.10.06"]
[SourceVersion "1"]
[SourceVersionDate "2021.10.06"]
[SourceQuality "1"]
[WhiteTeam "Oberhausen SV III"]
[BlackTeam "Huckarde Westerfilde"]
[WhiteTeamCountry "GER"]
[BlackTeamCountry "GER"]

1. d4 d5 2. c4 e6 3. Nc3 Nf6 4. Bg5 Be7 5. e3 h6 6. Bh4 0-0 7. Nf3 Nbd7 8. Rc1 c6 9. a3 Ne4 10. Bxe7 Qxe7 11. Qc2 f5 12. Be2 Ndf6 13. Ne5 Qe8 14. 0-0 Nd7 15. f4 Nxe5 16. fxe5 Bd7 17. Nxe4 fxe4 18. Rxf8+ Qxf8 19. Rf1 Qe7 20. Qb3 Be8 21. Rf4 Rc8 22. c5 Qc7 23. Bg4 Bf7 24. Rf1 Rd8 25. Qc2 Qe7 26. b4 a6 27. a4 Be8 28. Qf2 Bd7 29. Bh5 Be8 30. Bxe8 Rxe8 31. Rb1 Rf8 32. Qe2 Rc8 33. b5 axb5 34. axb5 Rc7 35. bxc6 bxc6 36. Qb2 Qd8 37. Qb8 Qxb8 38. Rxb8+ Kf7 39. Rd8 Ke7 40. Rd6 Rc8 41. Kf2 Rc7 42. g4 g6 43. h4 g5 44. h5 Rc8 45. Ke2 Rc7 46. Kd2 Rc8 47. Kc3 Rc7 48. Kb4 Rb7+ 49. Ka4 Ra7+ 1/2-1/2

[Event "Berlin-ch Seniors op 32nd"]
[Site "Berlin"]
[Date "2016.02.03"]
[Round "8"]
[White "Hoffmann, Peter"]
[Black "Vandre, Wolfgang"]
[Result "0-1"]
[WhiteElo "1967"]
[BlackElo "2129"]
[PlyCount "82"]
[EventDate "2016.01.26"]
[EventType "swiss"]
[EventRounds "9"]
[EventCountry "GER"]
[SourceTitle "EXT 2019"]
[Source "ChessBase"]
[SourceDate "2018.10.10"]
[SourceVersion "1"]
[SourceVersionDate "2018.10.10"]
[SourceQuality "1"]

1. c4 g6 2. d4 Bg7 3. e4 d6 4. Nc3 Nf6 5. f4 0-0 6. Nf3 c5 7. d5 e6 8. Be2 exd5 9. cxd5 Re8 10. e5 dxe5 11. fxe5 Ng4 12. e6 fxe6 13. d6 Bd7 14. 0-0 Nc6 15. Ng5 Bd4+ 16. Kh1 Nf2+ 17. Rxf2 Bxf2 18. Nge4 Bd4 19. Bg5 Qb6 20. Qd2 Rf8 21. Nb5 Bg7 22. a4 Nd4 23. Nxd4 Bxd4 24. Be7 Rf5 25. a5 Qb4 26. Qxb4 cxb4 27. Bf3 Bxb2 28. Rb1 Rxa5 29. g3 Ra1 30. Rxa1 Bxa1 31. Nc5 Bb5 32. d7 Bxd7 33. Nxd7 b3 34. Bxb7 b2 35. Be4 Rc8 36. Nc5 Kf7 37. Bd6 Rd8 38. Bb1 Rxd6 39. Nd3 Ke7 40. Kg2 Rc6 41. Kf3 Rc1 0-1

[Event "Berlin-ch Seniors op 32nd"]
[Site "Berlin"]
[Date "2016.01.26"]
[Round "1"]
[White "Hoffmann, Peter"]
[Black "Sattler, Guenther"]
[Result "1-0"]
[WhiteElo "1967"]
[BlackElo "1703"]
[PlyCount "73"]
[EventDate "2016.01.26"]
[EventType "swiss"]
[EventRounds "9"]
[EventCountry "GER"]
[SourceTitle "EXT 2019"]
[Source "ChessBase"]
[SourceDate "2018.10.10"]
[SourceVersion "1"]
[SourceVersionDate "2018.10.10"]
[SourceQuality "1"]

1. e4 e5 2. Nf3 d6 3. d4 exd4 4. Qxd4 h6 5. Nc3 Nc6 6. Bb5 Bd7 7. Bxc6 Bxc6 8. Bf4 Qf6 9. Qe3 Be7 10. Nd4 Qg6 11. Nxc6 bxc6 12. 0-0-0 Nf6 13. h3 Nh5 14. Bh2 Qe6 15. g4 Nf6 16. Rhe1 Nd7 17. f4 Nb6 18. b3 0-0 19. e5 d5 20. f5 Qc8 21. f6 Ba3+ 22. Kb1 g5 23. h4 Qxg4 24. hxg5 h5 25. Rg1 Qf5 26. g6 fxg6 27. Qh6 Kf7 28. Qg7+ Ke8 29. Rdf1 Qh3 30. Qxg6+ Kd8 31. Qg3 Qe6 32. Rd1 Nc4 33. Qf4 Kc8 34. Rgf1 Kd8 35. Qxc4 Ke8 36. Nxd5 Rf7 37. Nxc7+ 1-0

[Event "Berlin-ch Seniors op 30th"]
[Site "Berlin"]
[Date "2014.02.03"]
[Round "5"]
[White "Hoffmann, Peter"]
[Black "Fiedler, Wolfgang"]
[Result "0-1"]
[WhiteElo "1850"]
[BlackElo "1746"]
[PlyCount "113"]
[EventDate "2014.01.30"]
[EventType "swiss"]
[EventRounds "9"]
[EventCountry "GER"]
[SourceTitle "EXT 2018"]
[Source "ChessBase"]
[SourceDate "2017.10.13"]
[SourceVersion "1"]
[SourceVersionDate "2017.10.13"]
[SourceQuality "1"]

1. e4 Nf6 2. e5 Nd5 3. d4 d6 4. Bc4 Nb6 5. Bb3 d5 6. Nd2 Nc6 7. c3 a5 8. a4 Bf5 9. Qf3 e6 10. h4 h5 11. Ne2 Bg4 12. Qe3 Bf5 13. Ng3 Ne7 14. Nf3 Bg4 15. Bc2 Bxf3 16. Qxf3 g6 17. Bg5 Bg7 18. b3 Nd7 19. c4 Nb6 20. Rd1 Qd7 21. c5 Nbc8 22. Rh3 b6 23. cxb6 c6 24. Qc3 Qb7 25. Qc5 Ra6 26. Bd2 Qxb6 27. Qxb6 Nxb6 28. Bd3 Ra7 29. Rc1 Bh6 30. f4 Nd7 31. Ne2 0-0 32. Rc3 Rb8 33. Ng1 Rb4 34. Nf3 Rab7 35. Bc2 R4b6 36. Ng5 Bf8 37. Rce3 Ra7 38. Kf2 c5 39. dxc5 Nxc5 40. Rc3 Rc6 41. Be3 Rac7 42. Bd4 Nf5 43. Bxf5 exf5 44. Ke2 Ne4 45. Rxc6 Rxc6 46. Rd3 Bb4 47. Kd1 Ba3 48. Nh3 Rc1+ 49. Ke2 Bb4 50. Be3 Re1+ 51. Kf3 Rf1+ 52. Bf2 Nxf2 53. Nxf2 Bc5 54. Rd2 Bxf2 55. Ke2 Be1 56. Rxd5 Rg1 57. Rxa5 0-1

[Event "Berlin Eckbauer op 15th"]
[Site "Berlin"]
[Date "2012.11.12"]
[Round "5.3"]
[White "Kohler, Thomas"]
[Black "Hoffmann, Peter"]
[Result "1-0"]
[WhiteElo "2266"]
[BlackElo "2028"]
[PlyCount "57"]
[EventDate "2012.10.15"]
[EventType "swiss"]
[EventRounds "7"]
[EventCountry "GER"]
[SourceTitle "EXT 2022"]
[Source "ChessBase"]
[SourceDate "2021.10.06"]
[SourceVersion "1"]
[SourceVersionDate "2021.10.06"]
[SourceQuality "1"]

1. c4 Nf6 2. g3 g6 3. Bg2 d5 4. cxd5 Nxd5 5. Nc3 Nb6 6. d3 Bg7 7. Be3 Nc6 8. Qd2 0-0 9. Bxc6 bxc6 10. Bh6 Nd5 11. Bxg7 Kxg7 12. Nf3 Qd6 13. Rc1 f5 14. Nxd5 Qxd5 15. Qc3+ Rf6 16. b3 f4 17. Qe5 Qxe5 18. Nxe5 Bh3 19. f3 Raf8 20. Kf2 Re6 21. Nxc6 a6 22. Rc4 g5 23. Rg1 fxg3+ 24. Rxg3 g4 25. Nd4 Rd6 26. Ke3 h5 27. fxg4 Bxg4 28. h3 e5 29. Nf3 1-0

[Event "Berlin-ch qualification"]
[Site "Berlin-Lichtenrade"]
[Date "2012.04.08"]
[Round "2.9"]
[White "Schilling, Hans"]
[Black "Hoffmann, Peter"]
[Result "1/2-1/2"]
[WhiteElo "1820"]
[BlackElo "2040"]
[PlyCount "43"]
[EventDate "2012.04.08"]
[EventType "swiss"]
[EventRounds "9"]
[EventCountry "GER"]
[SourceTitle "EXT 2022"]
[Source "ChessBase"]
[SourceDate "2021.10.06"]
[SourceVersion "1"]
[SourceVersionDate "2021.10.06"]
[SourceQuality "1"]

1. Nf3 Nf6 2. c4 g6 3. b3 Bg7 4. Bb2 0-0 5. g3 d5 6. cxd5 Nxd5 7. Bxg7 Kxg7 8. Nc3 Nc6 9. Bg2 e5 10. 0-0 Nxc3 11. dxc3 Bf5 12. Nh4 Be6 13. Qc2 f5 14. Rad1 Qe7 15. Bd5 Rad8 16. Bxe6 Qxe6 17. Rxd8 Rxd8 18. Rd1 Rd6 19. Ng2 Qd7 20. Ne3 f4 21. Rxd6 Qxd6 22. Nc4 1/2-1/2

[Event "Berlin Lichtenberger op 5th"]
[Site "Berlin"]
[Date "2006.08.19"]
[Round "1"]
[White "Hoffmann, Peter"]
[Black "Kohler, Thomas"]
[Result "0-1"]
[WhiteElo "2042"]
[BlackElo "2245"]
[PlyCount "40"]
[EventDate "2006.08.19"]
[EventType "swiss"]
[EventRounds "9"]
[EventCountry "GER"]
[SourceTitle "CBM 113 Extra"]
[Source "ChessBase"]
[SourceDate "2006.09.14"]
[SourceVersion "1"]
[SourceVersionDate "2006.09.14"]
[SourceQuality "1"]

1. d4 Nf6 2. c4 g6 3. Nc3 Bg7 4. e4 d6 5. f4 c5 6. d5 0-0 7. Nf3 b5 8. e5 dxe5 9. fxe5 Ng4 10. Bf4 Nd7 11. Qe2 b4 12. h3 Ngxe5 13. Nxe5 bxc3 14. Nc6 cxb2 15. Rb1 Qb6 16. Qe3 Bb7 17. Nxe7+ Kh8 18. Qb3 Rfe8 19. d6 Qxb3 20. axb3 Be4 0-1

[Event "Bad Zwesten op 8th"]
[Site "Bad Zwesten"]
[Date "2004.01.07"]
[Round "9"]
[White "Hoffmann, Peter"]
[Black "Sohl, Thies"]
[Result "1/2-1/2"]
[WhiteElo "1546"]
[BlackElo "1034"]
[PlyCount "75"]
[EventDate "2004.01.??"]
[EventType "swiss"]
[EventRounds "9"]
[EventCountry "GER"]
[SourceTitle "CBM 098 Extra"]
[Source "ChessBase"]
[SourceDate "2004.03.10"]
[SourceVersion "2"]
[SourceVersionDate "2004.03.10"]
[SourceQuality "1"]

1. d4 e6 2. f4 c5 3. e3 Nc6 4. Nf3 d5 5. c3 Nf6 6. Bd3 Bd6 7. Ne5 c4 8. Bc2 Bxe5 9. fxe5 Nd7 10. Qg4 g6 11. 0-0 0-0 12. e4 dxe4 13. Bxe4 f5 14. exf6 Nxf6 15. Bg5 Nxg4 16. Bxd8 Rxd8 17. Bxc6 bxc6 18. Na3 Bb7 19. Rf4 Ne3 20. Re1 Nd5 21. Rfe4 Bc8 22. Nxc4 Ba6 23. Ne5 Rd6 24. Nf3 Nc7 25. b3 Rad8 26. c4 Bb7 27. Re5 Kf7 28. Rf1 Ke7 29. h3 Rc8 30. Rf2 Na6 31. a3 Kf6 32. Nd2+ Ke7 33. Nf3 Kf6 34. Nd2+ Kg7 35. Nf3 c5 36. d5 exd5 37. Re7+ Kg8 38. Rxb7 1/2-1/2